| 000 -LEADER |
| fixed length control field |
01605 a2200253 4500 |
| 003 - CONTROL NUMBER IDENTIFIER |
| control field |
Nust |
| 005 - DATE AND TIME OF LATEST TRANSACTION |
| control field |
20220818125804.0 |
| 010 ## - LIBRARY OF CONGRESS CONTROL NUMBER |
| LC control number |
00047109 |
| 020 ## - INTERNATIONAL STANDARD BOOK NUMBER |
| International Standard Book Number |
0780347439 |
| 040 ## - CATALOGING SOURCE |
| Transcribing agency |
Nust |
| 082 00 - DEWEY DECIMAL CLASSIFICATION NUMBER |
| Classification number |
621.38224,KOD |
| 100 1# - MAIN ENTRY--PERSONAL NAME |
| Personal name |
Kodali, V. Prasad, |
| 9 (RLIN) |
98017 |
| 245 10 - TITLE STATEMENT |
| Title |
Engineering electromagnetic compatibility : |
| Remainder of title |
principles, measurements, technologies, and computer models / |
| Statement of responsibility, etc. |
V. Prasad Kodali. |
| 250 ## - EDITION STATEMENT |
| Edition statement |
2nd ed. |
| 260 ## - PUBLICATION, DISTRIBUTION, ETC. |
| Place of publication, distribution, etc. |
New York : |
| Name of publisher, distributor, etc. |
Institute of Electrical and Electronics Engineers, |
| Date of publication, distribution, etc. |
c2001. |
| 300 ## - PHYSICAL DESCRIPTION |
| Extent |
xxii, 453 p. : |
| Other physical details |
ill. ; |
| Dimensions |
26 cm. |
| 505 ## - FORMATTED CONTENTS NOTE |
| Formatted contents note |
Introduction (Page-1), Natural and Nuclear Sources of EMI (Page-25), EMI From Apparatus and Circuits (Page-49), Probabilistic and Statistical Physical Models (Page-77), Open-Area Test Sites (Page-91),Radiated Interference Measurements (Page-177), Conducted Interference Measurements (Page-151), Pulsed Interference Immunity (Page-171), Grounding, Shielding and Bonding (Page-195), EMI Filters (Page-247).Cables, Connectors, and Components (Page-277), Frequency Assignment and Spectrum Conservation (Page-307), EMC Computer Modeling and Simulation (Page-333), Signal Integrity (Page-369), EMC Standards (Page-387) |
| 650 #0 - SUBJECT ADDED ENTRY--TOPICAL TERM |
| Topical term or geographic name entry element |
Telecommunication engineering |
| 710 2# - ADDED ENTRY--CORPORATE NAME |
| Corporate name or jurisdiction name as entry element |
IEEE Electromagnetic Compatibility Society. |
| 856 42 - ELECTRONIC LOCATION AND ACCESS |
| Materials specified |
Contributor biographical information |
| Uniform Resource Identifier |
<a href="http://www.loc.gov/catdir/bios/wiley043/00047109.html">http://www.loc.gov/catdir/bios/wiley043/00047109.html</a> |
| 856 42 - ELECTRONIC LOCATION AND ACCESS |
| Materials specified |
Publisher description |
| Uniform Resource Identifier |
<a href="http://www.loc.gov/catdir/description/wiley036/00047109.html">http://www.loc.gov/catdir/description/wiley036/00047109.html</a> |
| 856 42 - ELECTRONIC LOCATION AND ACCESS |
| Materials specified |
Table of Contents |
| Uniform Resource Identifier |
<a href="http://www.loc.gov/catdir/toc/onix07/00047109.html">http://www.loc.gov/catdir/toc/onix07/00047109.html</a> |
| 942 ## - ADDED ENTRY ELEMENTS (KOHA) |
| Koha item type |
Reference |
| Source of classification or shelving scheme |
|